<?xml version="1.0" encoding="UTF-8"?>
<record
    xmlns:xsi="http://www.w3.org/2001/XMLSchema-instance"
    xsi:schemaLocation="http://www.loc.gov/MARC21/slim http://www.loc.gov/standards/marcxml/schema/MARC21slim.xsd"
    xmlns="http://www.loc.gov/MARC21/slim">

  <leader>05237cam a2200409 i 4500</leader>
  <datafield tag="999" ind1=" " ind2=" ">
    <subfield code="c">79394</subfield>
    <subfield code="d">316671</subfield>
  </datafield>
  <controlfield tag="001">874961246</controlfield>
  <controlfield tag="003">OCoLC</controlfield>
  <controlfield tag="005">20210304183846.0</controlfield>
  <controlfield tag="008">140321s2015    njua     b    001 0 eng  </controlfield>
  <datafield tag="010" ind1=" " ind2=" ">
    <subfield code="a">2014011379</subfield>
  </datafield>
  <datafield tag="020" ind1=" " ind2=" ">
    <subfield code="a">9781617116452</subfield>
    <subfield code="q">hardback</subfield>
    <subfield code="q">alk. paper</subfield>
  </datafield>
  <datafield tag="020" ind1=" " ind2=" ">
    <subfield code="a">1617116459</subfield>
    <subfield code="q">hardback</subfield>
    <subfield code="q">alk. paper</subfield>
  </datafield>
  <datafield tag="040" ind1=" " ind2=" ">
    <subfield code="a">DNLM/DLC</subfield>
    <subfield code="b">eng</subfield>
    <subfield code="e">rda</subfield>
    <subfield code="c">DLC</subfield>
    <subfield code="d">YDX</subfield>
    <subfield code="d">BTCTA</subfield>
    <subfield code="d">BDX</subfield>
    <subfield code="d">NLM</subfield>
    <subfield code="d">LTSCA</subfield>
    <subfield code="d">YDXCP</subfield>
    <subfield code="d">MNE</subfield>
    <subfield code="d">VET</subfield>
    <subfield code="d">H9Z</subfield>
    <subfield code="d">UtOrBLW</subfield>
  </datafield>
  <datafield tag="042" ind1=" " ind2=" ">
    <subfield code="a">pcc</subfield>
  </datafield>
  <datafield tag="050" ind1="0" ind2="4">
    <subfield code="a">RM725</subfield>
    <subfield code="b">.C55 2015</subfield>
  </datafield>
  <datafield tag="060" ind1="0" ind2="0">
    <subfield code="a">2015 A-246</subfield>
  </datafield>
  <datafield tag="060" ind1="1" ind2="0">
    <subfield code="a">WB 460</subfield>
  </datafield>
  <datafield tag="060" ind1=" " ind2="4">
    <subfield code="a">WB 460</subfield>
    <subfield code="b">C641 2015</subfield>
  </datafield>
  <datafield tag="082" ind1="0" ind2="0">
    <subfield code="a">615.82</subfield>
    <subfield code="2">23</subfield>
    <subfield code="b">CDC</subfield>
  </datafield>
  <datafield tag="245" ind1="0" ind2="0">
    <subfield code="a">Clinical exercise pathophysiology for physical therapy :</subfield>
    <subfield code="b">examination, testing, and exercise prescription for movement-related disorders /</subfield>
    <subfield code="c">editor, Debra Coglianese</subfield>
  </datafield>
  <datafield tag="264" ind1=" " ind2="1">
    <subfield code="a">Thorofare, NJ :</subfield>
    <subfield code="b">Slack Incorporated,</subfield>
    <subfield code="c">[2015]</subfield>
  </datafield>
  <datafield tag="300" ind1=" " ind2=" ">
    <subfield code="a">xviii, 589 pages :</subfield>
    <subfield code="b">illustrations (some color) ;</subfield>
    <subfield code="c">29 cm</subfield>
  </datafield>
  <datafield tag="504" ind1=" " ind2=" ">
    <subfield code="a">Includes bibliographical references and index</subfield>
  </datafield>
  <datafield tag="505" ind1="0" ind2="0">
    <subfield code="a">Machine generated contents note:</subfield>
    <subfield code="g">Section I</subfield>
    <subfield code="t">Foundations of Physiological Responses --</subfield>
    <subfield code="g">ch. 1</subfield>
    <subfield code="t">Cardiovascular and Pulmonary System /</subfield>
    <subfield code="r">Daniel Malone --</subfield>
    <subfield code="g">ch. 2</subfield>
    <subfield code="t">Developing Systems: Birth to Adolescence /</subfield>
    <subfield code="r">David Chapman --</subfield>
    <subfield code="g">Case Study 2-1</subfield>
    <subfield code="t">(Jill) /</subfield>
    <subfield code="r">Joanell A. Bohmert --</subfield>
    <subfield code="g">Case Study 2-2</subfield>
    <subfield code="t">(Jack) /</subfield>
    <subfield code="r">Kathleen Coultes --</subfield>
    <subfield code="g">ch. 3</subfield>
    <subfield code="t">System Changes in the Aging Adult /</subfield>
    <subfield code="r">Alison L. Squadrito --</subfield>
    <subfield code="g">Case Study 3-1</subfield>
    <subfield code="t">(Ms. Arbor) /</subfield>
    <subfield code="r">Alison L. Squadrito --</subfield>
    <subfield code="g">Section II</subfield>
    <subfield code="t">Pathophysiology of Deconditioning and Physiology of Training --</subfield>
    <subfield code="g">ch. 4</subfield>
    <subfield code="t">Fatigue and Deconditioning /</subfield>
    <subfield code="r">LeeAnne Carrothers --</subfield>
    <subfield code="g">Case Study 4-1</subfield>
    <subfield code="t">(Mr. Biscotti) /</subfield>
    <subfield code="r">Kerri Lang --</subfield>
    <subfield code="g">ch. 5</subfield>
    <subfield code="t">Principles of Training and Exercise Prescription /</subfield>
    <subfield code="r">LeeAnne Carrothers --</subfield>
    <subfield code="g">Case Study 5-1</subfield>
    <subfield code="t">(Mr. Cedar) /</subfield>
    <subfield code="r">Lola Sicard Rosenbaum --</subfield>
    <subfield code="g">Case Study 5-2</subfield>
    <subfield code="t">(Ms. Caster) /</subfield>
    <subfield code="r">Mary Jane Myslinski --</subfield>
    <subfield code="g">Section III</subfield>
    <subfield code="t">Pathophysiological Considerations and Clinical Practice --</subfield>
    <subfield code="g">ch. 6</subfield>
    <subfield code="t">Individuals With Cardiovascular Pump Dysfunction /</subfield>
    <subfield code="r">Scot Irwin --</subfield>
    <subfield code="g">Case Study 6-1</subfield>
    <subfield code="t">(Ms. Damask) /</subfield>
    <subfield code="r">Scot Irwin --</subfield>
    <subfield code="g">ch. 7</subfield>
    <subfield code="t">Individuals With Peripheral Vascular Disorders /</subfield>
    <subfield code="r">Cheryl L. Brunelle --</subfield>
    <subfield code="g">Case Study 7-1</subfield>
    <subfield code="t">(Mr. Eagle) /</subfield>
    <subfield code="r">Robert M. Snow --</subfield>
    <subfield code="g">ch. 8</subfield>
    <subfield code="t">Individuals With Ventilatory Pump Disorders /</subfield>
    <subfield code="r">Jane L. Wetzel --</subfield>
    <subfield code="g">Case Study 8-1</subfield>
    <subfield code="t">(Mr. Fortnight) /</subfield>
    <subfield code="r">Jane L. Wetzel --</subfield>
    <subfield code="g">ch. 9</subfield>
    <subfield code="t">Individuals With Gas-Exchange Disorders /</subfield>
    <subfield code="r">Brian D. Roy --</subfield>
    <subfield code="g">Case Study 9-1</subfield>
    <subfield code="t">(Ms. Garden) /</subfield>
    <subfield code="r">Brian D. Roy --</subfield>
    <subfield code="g">ch. 10</subfield>
    <subfield code="t">Individuals With Localized Musculoskeletal and Connective Tissue Disorders /</subfield>
    <subfield code="r">Debra Coglianese --</subfield>
    <subfield code="g">Case Study 10-1</subfield>
    <subfield code="t">(Mr. Halo) /</subfield>
    <subfield code="r">Debra Coglianese --</subfield>
    <subfield code="g">ch. 11</subfield>
    <subfield code="t">Individuals With Systemic Musculoskeletal and Connective Tissue Disorders /</subfield>
    <subfield code="r">Susan L. Edmond --</subfield>
    <subfield code="g">Case Study 11-1</subfield>
    <subfield code="t">(Ms. Icon) /</subfield>
    <subfield code="r">Susan L. Edmond --</subfield>
    <subfield code="g">ch. 12</subfield>
    <subfield code="t">Individuals With Motor Control and Motor Function Disorders /</subfield>
    <subfield code="r">Lisa Brown --</subfield>
    <subfield code="g">Case Study 12-1</subfield>
    <subfield code="t">(Mr. Julep) /</subfield>
    <subfield code="r">Laura Klassen --</subfield>
    <subfield code="g">Case Study 12-2</subfield>
    <subfield code="t">(Mrs. Jelly) /</subfield>
    <subfield code="r">Vanina Dal Bello-Haas --</subfield>
    <subfield code="g">ch. 13</subfield>
    <subfield code="t">Individuals With Multi-System Disorders /</subfield>
    <subfield code="r">Melanie A. Gillar --</subfield>
    <subfield code="g">Case Study 13-1</subfield>
    <subfield code="t">(Dr. Lacrosse) /</subfield>
    <subfield code="r">Melanie A. Gillar --</subfield>
    <subfield code="g">Case Study 13-2</subfield>
    <subfield code="t">(Ms. Ledger) /</subfield>
    <subfield code="r">Nancy Gage</subfield>
  </datafield>
  <datafield tag="520" ind1=" " ind2=" ">
    <subfield code="a">"Clinical Exercise Pathophysiology for Physical Therapy: Examination, Testing, and Exercise Prescription for Movement-Related Disorders is a comprehensive reference created to answer the "why" and the "how" to treat patients with exercise by offering both comprehensive information from the research literature, as well as original patient cases. The chapters present the physiology and pathophysiology for defined patient populations consistent with the American Physical Therapy Association's Guide to Physical Therapy Practice and covers a wide assortment of topics ranging from a review of the cellular metabolic pathways to the discharge summary, with all the connections in between. Patient cases also supplement the chapters and are included throughout to illustrate how understanding the content in each chapter informs physical therapy examination, testing, and treatment. The patient/client management model from the Guide to Physical Therapy Practice defines the structure of the patient cases and the International Classification of Function, Disability, and Health (ICF) model of disablement has been inserted into each patient case. Highlighted "Clinician Comments" appear throughout each patient case to point out the critical thinking considerations. Clinical Exercise Pathophysiology for Physical Therapy: Examination, Testing, and Exercise Prescription for Movement-Related Disorders is a groundbreaking reference for the physical therapy student or clinician looking to understand how physiology and pathophysiology relate to responses to exercise in different patient populations"--Provided by publisher</subfield>
  </datafield>
  <datafield tag="650" ind1=" " ind2="0">
    <subfield code="a">Clinical exercise physiology</subfield>
    <subfield code="9">45254</subfield>
  </datafield>
  <datafield tag="650" ind1=" " ind2="0">
    <subfield code="a">Clinical exercise physiology</subfield>
    <subfield code="v">Case studies</subfield>
    <subfield code="9">88249</subfield>
  </datafield>
  <datafield tag="650" ind1=" " ind2="0">
    <subfield code="a">Exercise therapy</subfield>
    <subfield code="9">88250</subfield>
  </datafield>
  <datafield tag="650" ind1=" " ind2="0">
    <subfield code="a">Exercise therapy</subfield>
    <subfield code="v">Case studies</subfield>
    <subfield code="9">88251</subfield>
  </datafield>
  <datafield tag="650" ind1=" " ind2="0">
    <subfield code="a">Movement disorders</subfield>
    <subfield code="x">Pathophysiology</subfield>
    <subfield code="9">88252</subfield>
  </datafield>
  <datafield tag="650" ind1=" " ind2="0">
    <subfield code="a">Movement disorders</subfield>
    <subfield code="x">Pathophysiology</subfield>
    <subfield code="v">Case studies</subfield>
    <subfield code="9">88253</subfield>
  </datafield>
  <datafield tag="650" ind1="1" ind2="2">
    <subfield code="a">Exercise</subfield>
    <subfield code="x">physiology</subfield>
    <subfield code="9">19563</subfield>
  </datafield>
  <datafield tag="650" ind1="1" ind2="2">
    <subfield code="a">Physical Therapy Modalities</subfield>
    <subfield code="9">88254</subfield>
  </datafield>
  <datafield tag="655" ind1=" " ind2="2">
    <subfield code="a">Case Reports</subfield>
    <subfield code="9">88255</subfield>
  </datafield>
  <datafield tag="700" ind1="1" ind2=" ">
    <subfield code="a">Coglianese, Debra,</subfield>
    <subfield code="d">1951-</subfield>
    <subfield code="e">editor</subfield>
    <subfield code="9">88256</subfield>
  </datafield>
  <datafield tag="942" ind1=" " ind2=" ">
    <subfield code="2">ddc</subfield>
    <subfield code="c">BOOK</subfield>
  </datafield>
  <datafield tag="952" ind1=" " ind2=" ">
    <subfield code="1">0</subfield>
    <subfield code="2">2021-03-04</subfield>
    <subfield code="4">0</subfield>
    <subfield code="7">0</subfield>
    <subfield code="a">615.82 CDC</subfield>
    <subfield code="d">2021-03-04</subfield>
    <subfield code="h">CL</subfield>
    <subfield code="i">00167089</subfield>
    <subfield code="m">CL</subfield>
    <subfield code="r">2021-03-04 00:00:00</subfield>
    <subfield code="t">BOOK</subfield>
    <subfield code="w">ddc</subfield>
    <subfield code="y">0</subfield>
  </datafield>
  <datafield tag="952" ind1=" " ind2=" ">
    <subfield code="1">0</subfield>
    <subfield code="2">2021-03-04</subfield>
    <subfield code="4">0</subfield>
    <subfield code="7">0</subfield>
    <subfield code="a">615.82 CDC</subfield>
    <subfield code="d">2021-03-04</subfield>
    <subfield code="h">CL</subfield>
    <subfield code="i">00167090</subfield>
    <subfield code="m">CL</subfield>
    <subfield code="r">2021-03-04 00:00:00</subfield>
    <subfield code="t">BOOK</subfield>
    <subfield code="w">ddc</subfield>
    <subfield code="y">0</subfield>
  </datafield>
  <datafield tag="952" ind1=" " ind2=" ">
    <subfield code="1">0</subfield>
    <subfield code="2">2022-02-14</subfield>
    <subfield code="4">0</subfield>
    <subfield code="7">1</subfield>
    <subfield code="a">615.82 CDC</subfield>
    <subfield code="d">2022-02-14</subfield>
    <subfield code="h">CL</subfield>
    <subfield code="i">00168657</subfield>
    <subfield code="m">CL</subfield>
    <subfield code="r">2022-02-14 00:00:00</subfield>
    <subfield code="t">BOOK</subfield>
    <subfield code="w">ddc</subfield>
    <subfield code="y">0</subfield>
  </datafield>
  <datafield tag="952" ind1=" " ind2=" ">
    <subfield code="1">0</subfield>
    <subfield code="2">2022-02-14</subfield>
    <subfield code="4">0</subfield>
    <subfield code="7">2</subfield>
    <subfield code="a">615.82 CDC</subfield>
    <subfield code="d">2022-02-14</subfield>
    <subfield code="h">AMF</subfield>
    <subfield code="i">00168658</subfield>
    <subfield code="m">AMF</subfield>
    <subfield code="r">2022-02-14 00:00:00</subfield>
    <subfield code="t">BOOK</subfield>
    <subfield code="w">ddc</subfield>
    <subfield code="y">0</subfield>
  </datafield>
  <datafield tag="952" ind1=" " ind2=" ">
    <subfield code="1">0</subfield>
    <subfield code="2">2022-02-14</subfield>
    <subfield code="4">0</subfield>
    <subfield code="7">2</subfield>
    <subfield code="a">615.82 CDC</subfield>
    <subfield code="d">2022-02-14</subfield>
    <subfield code="h">AMF</subfield>
    <subfield code="i">00168659</subfield>
    <subfield code="m">AMF</subfield>
    <subfield code="r">2022-02-14 00:00:00</subfield>
    <subfield code="t">BOOK</subfield>
    <subfield code="w">ddc</subfield>
    <subfield code="y">0</subfield>
  </datafield>
  <datafield tag="952" ind1=" " ind2=" ">
    <subfield code="1">0</subfield>
    <subfield code="2">2022-02-14</subfield>
    <subfield code="4">0</subfield>
    <subfield code="7">0</subfield>
    <subfield code="a">615.82 CDC</subfield>
    <subfield code="d">2022-02-14</subfield>
    <subfield code="h">SZM</subfield>
    <subfield code="i">00168660</subfield>
    <subfield code="m">SZM</subfield>
    <subfield code="r">2022-02-14 00:00:00</subfield>
    <subfield code="t">BOOK</subfield>
    <subfield code="w">ddc</subfield>
    <subfield code="y">0</subfield>
  </datafield>
  <datafield tag="952" ind1=" " ind2=" ">
    <subfield code="1">0</subfield>
    <subfield code="2">2022-02-14</subfield>
    <subfield code="4">0</subfield>
    <subfield code="7">0</subfield>
    <subfield code="a">615.82 CDC</subfield>
    <subfield code="d">2022-02-14</subfield>
    <subfield code="h">SZM</subfield>
    <subfield code="i">00168661</subfield>
    <subfield code="m">SZM</subfield>
    <subfield code="r">2022-02-14 00:00:00</subfield>
    <subfield code="t">BOOK</subfield>
    <subfield code="w">ddc</subfield>
    <subfield code="y">0</subfield>
  </datafield>
</record>
